Top 60 World Cities with Eight Letters - Statistics

General Stats
  • This quiz has been taken 120 times
    119 since last reset
  • The average score is 35 of 60
Answer Stats
pop
mil
country city % Correct
14.30 Turkey İstanbul
99%
2.58 Hungary Budapest
96%
21.80 Brazil São Paulo
96%
30.90 China Shanghai
95%
2.03 Belgium Brussels
94%
4.13 South Africa Cape Town
94%
5.55 Sudan Khartoum
94%
4.10 Canada Montréal
93%
3.48 Syria Damascus
92%
7.05 Chile Santiago
92%
1.23 Finland Helsinki
90%
2.20 Paraguay Asunción
89%
10.60 Dem Rep Congo Kinshasa
89%
1.47 New Zealand Auckland
88%
1.40 Serbia Belgrade
87%
2.65 Uzbekistan Tashkent
83%
3.83 Brazil Brasília
81%
1.93 Venezuela Valencia
79%
1.30 Australia Adelaide
77%
1.44 Sierra Leone Freetown
77%
1.75 Spain Valencia
77%
1.24 United Arab Emirates Abu Dhabi
76%
3.28 United States San Diego
76%
3.80 Colombia Medellín
75%
1.27 Canada Edmonton
73%
1.34 Liberia Monrovia
73%
4.70 Indonesia Surabaya
69%
2.38 Poland Katowice
65%
3.65 Brazil Salvador
65%
2.28 United States Portland
62%
7.25 China Hong Kong
60%
2.08 United States Las Vegas
58%
7.65 China Shenyang
57%
8.30 China Hangzhou
55%
3.68 China Nan{chang}
55%
1.64 United States Columbus
54%
3.28 Brazil Curitiba
54%
1.40 Burma Mandalay
49%
4.45 China Ch{angsha}
45%
2.35 Taiwan Taichung
37%
1.78 China Yang{zhou}
37%
1.53 Germany Mannheim
36%
3.05 Brazil Campinas
35%
1.34 China Xiang{tan}
33%
1.90 Pakistan Peshawar
32%
1.71 China Heng{yang}
30%
1.50 Indonesia Denpasar
29%
1.79 India Varanasi
29%
1.78 Indonesia Makassar
25%
2.05 India Vadodara
24%
1.31 India Amritsar
23%
2.05 Indonesia Semarang
23%
2.45 China Ta{ngshan}
21%
2.68 China Jiang{yin}
20%
1.70 United States Hartford
17%
1.45 India Srinagar
15%
1.84 India Ludhiana
14%
1.53 China Yin{chuan}
11%
1.25 Thailand Chonburi
8%
1.39 India Jabalpur
6%
No matching quizzes found
Score Distribution
Percent of People with Each Score
Percentile by Number Answered
Your Score History
You have not taken this quiz since the last reset